Score 0/108 Timer 11:00
0 Plays Today
Hint 4-Letter Word % Correct
Not lessMORE
95.9%
☺ ____ Comes the Judge ☺HERE
94.8%
US 10-cent pieceDIME
91.3%
Zeus, Ares, and PoseidonGODS
91.1%
Thumbs up on FacebookLIKE
90.7%
Grocery items written downLIST
89.9%
Superior, Huron, or Erie, e.g.LAKE
89.5%
Cryptic language system (e.g., Morse)CODE
89.4%
☺ Apple Pie a la ____MODE
89.1%
C. S. Lewis' '____ Christianity'MERE
89.1%
Under the weatherSICK
89%
Small sheltered bayCOVE
88.2%
Plaster broken bone protectorCAST
88.1%
Taste ice creamLICK
88%
Choose, selectPICK
88%
☺ ____ Potion #31 ☺LOVE
87.7%
☺ Huckleberry ____FINN
87.3%
Rounded roofDOME
87.2%
☺ ____ 'n Boots Chocolate Mousse ☺PUSS
87.2%
☺ Chocolate ____ Cookie Dough ☺CHIP
87%
Wife of ZeusHERA
86.9%
Moves head up and downNODS
86.7%
☺ Hold That ____LIME
86.6%
☺ America's Birthday ____CAKE
86.5%
ApplaudCLAP
86.3%
☺ ____ Mango in Paradise ☺LAST
86.3%
Tiered bedBUNK
86.2%
☺ Rocky ____ROAD
86.2%
Knit footwearSOCK
86.2%
Peruse a bookREAD
86.1%
Major US automakerFORD
85.9%
Chain unitLINK
85.7%
Financial penaltyFINE
85.6%
Nautical vesselSHIP
85.1%
Do origamiFOLD
84.9%
☺ ____ Bubblegum ☺PINK
84.8%
Hint 4-Letter Word % Correct
Slang for US dollarBUCK
84.8%
Sail holder on boatMAST
84.7%
RippedTORN
84.6%
Air currentWIND
84.5%
☺ Dating ____GAME
84.4%
Lawyer's actionCASE
84.4%
Wordplay jokesPUNS
84.3%
Narrow mountain routePASS
84.2%
☺ Pop ____ the Century ☺GOES
84.1%
Eighth of a gallonPINT
83.6%
Part of stem where leaf growsNODE
83.5%
Lowest stringed instrumentBASS
83.4%
Urban area smaller than a cityTOWN
83.4%
Market, storeSHOP
83.4%
'Moneyball' actor BradPITT
83.3%
☺ Shamrock Mint ____MIST
83.2%
Southern store chain (with -Dixie)WINN
83.2%
Kick a football on 4th downPUNT
83%
To not have enoughLACK
82.9%
Boat mooring placeDOCK
82.9%
Gifted, presentedGAVE
82.8%
Cut off or trimCLIP
82.5%
3rd pers. sing. of 'do'DOES
82.1%
BacksideREAR
81.8%
Pointy fork prongTINE
81.5%
Greek pocket breadPITA
81.3%
Female equivalent of knightDAME
81.1%
To washLAVE
80.7%
☺ ____ Medal Ribbon ☺GOLD
80.7%
Not the wholePART
79.6%
☺ Can't ____ the Nuts ☺STOP
79.5%
☺ ____ Berry Strawberry ☺VERY
79.4%
Leak through slowlySEEP
79%
Athletic typeJOCK
78.7%
Stair treadSTEP
78.5%
Char surfaceSEAR
77.7%
Hint 4-Letter Word % Correct
☺ Banana ____BUNT
77.7%
Prophet, fortune tellerSEER
77.6%
Ore extraction siteMINE
76.8%
Soak up sunshineBASK
76.8%
Master, deityLORD
76.5%
Conservative party member (UK)TORY
76.1%
☺ Merry ____MINT
75.3%
Hitchcock actress MilesVERA
75.2%
☺ ____ with Snickers ☺MADE
74.8%
Socially inept personDORK
74.7%
☺ WhYte 2K Chocolate Over____LOAD
74.2%
☺ ____ Lemon Ice ☺JACK
74.2%
Pointed hand-thrown missileDART
73.6%
☺ ____ the Tiger Swirl ☺TONY
73.2%
☺ ____ Toon Crunch ☺TINY
72.2%
☺ ____ 'n Reckless ☺WILD
71.1%
SpouseMATE
70.5%
☺ Quarter____ Crunch ☺BACK
70.4%
☺ First ____ Fudge ☺DOWN
70.3%
Sporcle's Daily ____DOSE
69.7%
What can be done to a lilyGILD
69.5%
☺ The ____ 'Somebody Stop Me'☺MASK
68.8%
☺ ____ 'n Worms ☺DIRT
68.6%
Star Trek's 'Worf' actor MichaelDORN
67.1%
Swampy bogMIRE
66.3%
☺La Dolce ____VITA
66.3%
Grim and seriousDIRE
65.2%
Jaunty and vivaciousPERT
65.1%
Sleep in rough conditions (UK)DOSS
65.1%
☺ Candi-____DATE
65.1%
Boggy mossPEAT
64.9%
Gumby's compositionCLAY
64.5%
☺ Triple ____PLAY
60.8%
☺ ____ 'n Pop Swirl ☺ROCK
59.9%
Storage frameworkRACK
56.7%
Austin ___ Univ. (TN)PEAY
55%

Today's Daily Dose

Missing Word
I Hardly Know Her!

Word Ladder
Sentence Ending

Quick Pick
Female Firsts

Get the Picture
Triathlon Sports

Remove Ads.
Support Sporcle.
Get the best of Sporcle when you Go Orange. This ad-free experience offers more features, more stats, and more fun while also helping to support Sporcle. Thank you for becoming a member.

You're not logged in!

Compare scores with friends on all Sporcle quizzes.
OR
Log In

Show Comments

Extras

Top Quizzes Today


Score Distribution

Your Account Isn't Verified!

In order to create a playlist on Sporcle, you need to verify the email address you used during registration. Go to your Sporcle Settings to finish the process.

Report this User

Report this user for behavior that violates our Community Guidelines.

Details: